MARC details
| 000 -LEADER |
| fixed length control field |
01949cam a2200397 a 4500 |
| 001 - CONTROL NUMBER |
| control field |
7757 |
| 003 - CONTROL NUMBER IDENTIFIER |
| control field |
BD-DhEWU |
| 005 - DATE AND TIME OF LATEST TRANSACTION |
| control field |
20141203114715.0 |
| 008 - FIXED-LENGTH DATA ELEMENTS--GENERAL INFORMATION |
| fixed length control field |
941109s1996 ilua g b 001 0 eng d |
| 020 ## - INTERNATIONAL STANDARD BOOK NUMBER |
| International Standard Book Number |
0256091285 |
|
| International Standard Book Number |
9780256091281 |
| 035 ## - SYSTEM CONTROL NUMBER |
| System control number |
(OCoLC)31607360 |
| 040 ## - CATALOGING SOURCE |
| Original cataloging agency |
DLC |
| Transcribing agency |
DLC |
| Modifying agency |
DLC |
| -- |
BD-DhEWU |
| Language of cataloging |
eng |
| 041 ## - LANGUAGE CODE |
| Language code of text/sound track or separate title |
eng |
| 050 00 - LIBRARY OF CONGRESS CALL NUMBER |
| Classification number |
HD45 |
| Item number |
.B799 1996 |
| 082 00 - DEWEY DECIMAL CLASSIFICATION NUMBER |
| Classification number |
658.514 |
| Item number |
BUS 1996 |
| 100 1# - MAIN ENTRY--PERSONAL NAME |
| Personal name |
Burgelman, Robert A. |
| 9 (RLIN) |
18863 |
| 245 10 - TITLE STATEMENT |
| Title |
Strategic management of technology and innovation / |
| Statement of responsibility, etc |
Robert A. Burgelman, Modesto A. Maidique, Steven C. Wheelwright. |
| 250 ## - EDITION STATEMENT |
| Edition statement |
2nd ed. |
| 260 ## - PUBLICATION, DISTRIBUTION, ETC. (IMPRINT) |
| Place of publication, distribution, etc |
Chicago : |
| Name of publisher, distributor, etc |
Irwin, |
| Date of publication, distribution, etc |
c1996. |
| 300 ## - PHYSICAL DESCRIPTION |
| Extent |
xiv, 923 p. : |
| Other physical details |
ill. ; |
| Dimensions |
27 cm. |
| 500 ## - GENERAL NOTE |
| General note |
Online version:<br/>Burgelman, Robert A.<br/>Strategic management of technology and innovation.<br/>Chicago : Irwin, ©1996<br/>(OCoLC)654693902 |
| 504 ## - BIBLIOGRAPHY, ETC. NOTE |
| Bibliography, etc |
Includes bibliographical references and indexes. |
| 505 ## - FORMATTED CONTENTS NOTE |
| Title |
TOC |
| Formatted contents note |
Introduction : integrating technology and strategy --<br/>Design and evolution of technology strategy --<br/>Enactment of technology strategy : developing the firm's innovative capabilities --<br/>Enactment of technology strategy : creating and implementing a development strategy --<br/>Conclusion : innovation challenges in established firms. |
| 520 ## - SUMMARY, ETC. |
| Summary, etc |
Summary:<br/>A combination of text and cases on technology and innovation, which includes a new section on new products and business, and a number of new cases. |
| 526 ## - STUDY PROGRAM INFORMATION NOTE |
| Program name |
BA |
| 590 ## - LOCAL NOTE (RLIN) |
| Local note |
Tahur Ahmed |
| 650 #0 - SUBJECT ADDED ENTRY--TOPICAL TERM |
| Topical term or geographic name as entry element |
Technological innovations |
| General subdivision |
Management. |
| 9 (RLIN) |
18864 |
|
| Topical term or geographic name as entry element |
New products |
| General subdivision |
Management. |
| 9 (RLIN) |
18865 |
|
| Topical term or geographic name as entry element |
High technology industries |
| General subdivision |
Management. |
| 9 (RLIN) |
18866 |
| 700 1# - ADDED ENTRY--PERSONAL NAME |
| Personal name |
Maidique, Modesto A. |
| 9 (RLIN) |
18867 |
|
| Personal name |
Wheelwright, Steven C., |
| Dates associated with a name |
1943- |
| 9 (RLIN) |
3425 |
| 856 42 - ELECTRONIC LOCATION AND ACCESS |
| Materials specified |
WorldCat details |
| Uniform Resource Identifier |
http://www.worldcat.org/title/strategic-management-of-technology-and-innovation/oclc/31607360&referer=brief_results |
| 942 ## - ADDED ENTRY ELEMENTS (KOHA) |
| Source of classification or shelving scheme |
Dewey Decimal Classification |
| Koha item type |
Text |